Le roi lion-L'histoire de la vie Paroles - Statistiques

Statistiques générales
  • Ce quiz a été pris 341 fois
  • Le résultat moyen est 58 sur 78
Statistiques - réponses
Réponse % Correct
de
99%
de
99%
de
99%
de
99%
de
99%
de
99%
la
99%
la
99%
la
99%
la
99%
la
99%
la
99%
vie
98%
vie
98%
vie
98%
le
96%
le
96%
ce
93%
et
93%
c'est
91%
c'est
91%
l'histoire
90%
l'histoire
90%
l'histoire
90%
à
88%
à
88%
éternel
85%
éternel
85%
cycle
83%
cycle
83%
du
81%
du
81%
ta
80%
au
79%
soleil
79%
sur
78%
dieu
77%
matin
77%
par
77%
planète
77%
qui
74%
qui
74%
tu
73%
tu
73%
enfant
68%
ébloui
67%
l'infini
67%
terre
67%
des
66%
merveilles
64%
aux
62%
béni
62%
immortel
62%
auras
61%
t'éveilles
61%
choses
60%
pour
60%
savoir
60%
tant
59%
voir
58%
fond
56%
infinie
56%
dans
55%
frontière
55%
ronde
55%
âges
54%
vient
54%
l'héritage
53%
rend
52%
d'amour
50%
d'une
50%
franchir
50%
l'harmonie
46%
qu'un
46%
chaîne
45%
recueillir
41%
t'appellent
12%
t'attendent
12%
Aucun quiz correspondant
Distribution des résultats
% des personnes avec chaque résultat
Percentile par nombre de réponses
Votre historique - résultats
Vous n’avez pas pris ce quiz